Entrepreneurial business and economics review <a > scientific quarterly

Gespeichert in:
Bibliographische Detailangaben
Format: Schriftenreihe
Sprache:Englisch
Veröffentlicht: Krakow Cracow University of Economics 2013
Schlagworte:
Tags: Tag hinzufügen
Keine Tags, Fügen Sie das erste Tag hinzu!

MARC

LEADER 00000nas2a2200000 4500
001 0239223
005 20180123125057.8
022 |a 2353-883X 
041 0 |a eng 
044 |a PL 
245 1 0 |a Entrepreneurial business and economics review  |b <a > scientific quarterly 
264 1 |a Krakow  |b Cracow University of Economics  |c 2013 
773 0 |w eu_un_cat*0190067 
610 2 0 |a riadenie podnikové 
610 2 0 |a spolupráca medzinárodná 
610 2 0 |a modely ekonomicko-matematické 
610 2 0 |a obchod zahraničný